| 000 | 00743nam a2200241Ia 4500 | ||
|---|---|---|---|
| 003 | OSt | ||
| 005 | 20260205112434.0 | ||
| 008 | 210716s2017 xx 000 0 und d | ||
| 020 | _a9789350593028 | ||
| 040 | _cAIMIT LIBRARY | ||
| 041 | _aeng | ||
| 082 |
_a364.168 _21 _bGEEM |
||
| 100 |
_aGeetha, M K. _9253714 |
||
| 245 | _aCyber crimes and fraud management / | ||
| 250 | _a1st ed. | ||
| 260 |
_aNew Delhi : _bMac Millan Publishing Company , _c2017. |
||
| 300 |
_avii,239p. ; _bPB _c24.5 cm |
||
| 650 |
_aProtection systems under computer frauds _9253715 |
||
| 650 |
_aCyber laws and regulatory compliance _9253716 |
||
| 650 |
_aOnline transactions _9253717 |
||
| 700 |
_aRaman, Swapna. _9253718 |
||
| 942 |
_2ddc _cBK _e1st _k364.168 GEEM |
||
| 999 |
_c195655 _d195655 |
||